| 000 | 00734cam a2200205 i 4500 | ||
|---|---|---|---|
| 005 | 20251230120211.0 | ||
| 008 | 250721s2009 sy gr 000 0 ara d | ||
| 020 | _a9789933402034 | ||
| 082 | 1 | 4 |
_a218.832 _bم ش ع |
| 100 | 1 |
_aمشعال، شاؤول _eمؤلف. |
|
| 245 | 1 | 0 |
_aعصر حماس / _cشاؤول مشعال، أبراهام سيلع ؛ قراءة وتعليق علي بدوان. |
| 264 | 3 | 1 |
_aدمشق : _bدار صفحات للدراسات والنشر، _c2009. |
| 300 | _a208 صفحة. | ||
| 650 | 1 | 7 | _aحماس. |
| 650 | 1 | 7 | _aحركات التحرير الوطني. |
| 650 | 1 | 7 | _aالصهيونية. |
| 700 | 1 |
_aسيلع، أبراهام _eمؤلف. |
|
| 942 |
_2ddc _cBK |
||
| 999 |
_c122289 _d122289 |
||